| 000 | 01129am a2200349a 44500 | ||
|---|---|---|---|
| 003 | AR-BaBNM | ||
| 005 | 20251128205907.0 | ||
| 008 | 048019s1995 #AR|||||||||||000 | spa|| | ||
| 020 | _a950-01-0556-X | ||
| 040 | _cAR-BaBNM | ||
| 100 | 1 | _aSegal, Analía | |
| 245 | 1 | 0 | _aDidáctica de las ciencias sociales para la escuela primaria / módulo 1 |
| 250 | _a1ª ed. | ||
| 260 |
_aBuenos Aires _bEstrada _c1995 |
||
| 300 |
_a102 p. _bil. _evideos |
||
| 500 | _aTexto correspondiente al programa de capacitación docente en didáctica de las ciencias sociales para la EGB dictado por cable en el programa Educable | ||
| 500 | _aTiene videos no. 701534 y 701531 solicitar en multimedia | ||
| 650 | 4 | _aCIENCIAS SOCIALES | |
| 650 | 4 | _aFORMACION DE DOCENTES | |
| 650 | 4 | _aUNIDADES DE ENSEÑANZA | |
| 650 | 4 | _aAUTOEVALUACION | |
| 650 | 4 | _aBARRIOS | |
| 650 | 4 | _aCAMPO | |
| 650 | 4 | _aCIUDADES | |
| 653 | _aEDUCACION PRIMARIA | ||
| 653 | _aEDUCACION GENERAL BASICA | ||
| 653 | _aCONTENIDOS BASICOS COMUNES | ||
| 653 | _aEDUCACION A DISTANCIA | ||
| 700 | 1 | _aGotbeter, Gustavo Luis | |
| 942 | _cBK | ||
| 998 | _cCarmen | ||
| 999 |
_c13188 _d13188 |
||